Statistics for Artists By Song 1980-1999

Click here to take the quiz!

General Stats

  • This quiz has been taken 31 times
  • The average score is 20 of 32

Answer Stats

SongArtist% Correct
Livin' On A PrayerBon Jovi
100%
Baby One More TimeBritney Spears
100%
Beat ItMichael Jackson
100%
Purple RainPrince
97%
AfricaToto
97%
Never Gonna Give You UpRick Astley
93%
In The Air TonightPhil Collins
90%
Ice Ice BabyVanilla Ice
87%
I Wanna Dance with SomebodyWhitney Houston
87%
Gangsta's ParadiseCoolio
83%
Heart-Shaped BoxNirvana
80%
My Name IsEminem
77%
Crazy TrainOzzy Osbourne
77%
Don't You Forget About MeSimple Minds
73%
Push ItSalt-N-Pepa
70%
Gin and JuiceSnoop Dogg
67%
Amish ParadiseWeird Al Yankovic
67%
Can You Feel The Love TonightElton John
63%
We Don't Need Another HeroTina Turner
63%
Whip ItDevo
60%
Express YourselfMadonna
60%
EverlongFoo Fighters
53%
Fight The PowerPublic Enemy
53%
Party All The TimeEddie Murphy
43%
FantasyMariah Carey
43%
Feed My FrankensteinAlice Cooper
27%
Ruff Ryder's AnthemDMX
27%
SummertimeWill Smith
27%
Just A FriedBiz Markie
20%
Looking For FreedomDavid Hasselhoff
17%
Say You'll Be ThereSpice Girls
17%
The RainMissy Elliott
7%

Score Distribution

Percentile by Number Answered

Percent of People with Each Score

Your Score History

You have not taken this quiz